Lanean...
Muhammad /
| Formatua: | Printed Book |
|---|---|
| Hizkuntza: | English |
| Argitaratua: |
kozhikode
Other Books
c 2017
|
| LEADER | 00420nam a22001217a 4500 | ||
|---|---|---|---|
| 008 | 210116b ||||| |||| 00| 0 eng d | ||
| 082 | |a 297.63 LIN/M | ||
| 245 | |a Muhammad / |c Lings, Martin | ||
| 260 | |a kozhikode |b Other Books |c c 2017 | ||
| 300 | |a 584 p. | ||
| 942 | |c BK | ||
| 999 | |c 354559 |d 354559 | ||
| 952 | |0 0 |1 0 |2 ddc |4 0 |6 297_630000000000000_LIN_M |7 0 |9 411149 |a PSY |b PSY |c ST1 |d 2021-01-16 |l 0 |o 297.63 LIN/M |p PSY4357 |r 2021-01-16 |w 2021-01-16 |y BK | ||